Proces tvorby etického kódexu vo vybranom podniku bakalárska práca

Gespeichert in:
Bibliographische Detailangaben
1. Verfasser: Štefanišinová, Katarína
Körperschaft: Podnikovohospodárska fakulta EU so sídlom v Košiciach. Katedra manažmentu
Weitere Verfasser: Hakulinová, Alena
Format: Buch
Sprache:Slowakisch
Veröffentlicht: Košice 2012
Tags: Tag hinzufügen
Keine Tags, Fügen Sie das erste Tag hinzu!

MARC

LEADER 00000nbm a2200000 4500
001 0155584
005 20161109111902.2
041 0 |a slo 
044 |a SK 
245 1 0 |a Proces tvorby etického kódexu vo vybranom podniku  |b bakalárska práca  |c Katarína Štefanišinová ; školiteľ: Alena Hakulinová 
264 1 |a Košice  |c 2012 
300 |a 59 s. 
100 1 |a Štefanišinová, Katarína 
700 1 |a Hakulinová, Alena 
710 2 |a Podnikovohospodárska fakulta EU so sídlom v Košiciach. Katedra manažmentu